000 00463nam a2200181Ia 4500
001 1578
005 20260306143738.0
008 260306t2022||||xx |||||||||||||| ||spa||
041 _aESP
082 _a152.4
_bF54
100 _aFischman, David
_eAUT
245 0 _aHabilidades blandas a la vena:
_bdestrezas emocionales para un mundo ágil
260 _c2022
300 _a382 páginas :
_c23 cm.
650 _aGEN
654 _aCPS
942 _cLIB
_dJUS
_fJUS
_2ddc
_n
999 _c1578
_d1578